banner koha

Atrelamento de animais [bovino, equino, manejo] (Registro n. 334720)

MARC details
000 -LÍDER
campo de controle de tamanho fixo 01141naa a22003137a 4500
001 - NÚMERO DE CONTROLE
campo de controle BR8400486
003 - IDENTIFICADOR DO NÚMERO DE CONTROLE
campo de controle BR-BrBNA
005 - DATA E HORÁRIO DA ÚLTIMA TRANSAÇÃO
campo de controle 20250721154430.0
007 - CAMPO FIXO DE DESCRIÇÃO FÍSICA--INFORMAÇÃO GERAL
campo de controle de tamanho fixo ta
008 - CAMPO DE DADOS FIXOS--INFORMAÇÃO GERAL
campo de controle de tamanho fixo 250630b bl.|||m| |||| 00| 0 por d
040 ## - FONTE DA CATALOGAÇÃO
Instituição da catalogação original BR-BrBNA
Idioma da catalogação por
Instituição que transcreveu o registro Biblioteca Nacional de Agricultura
041 ## - CÓDIGO DE IDIOMA
Código do idioma do texto/trilha sonora ou título diferente (Pt)
072 ## - CÓDIGO DE CATEGORIA DE ASSUNTO
Código de Categoria de Assunto L00
Código do objeto 5212
-- 5100
090 ## - NÚMERO DE CHAMADA LOCAL
Número de chamada L00 BR8400486
100 1# - ENTRADA PRINCIPAL--NOME PESSOAL
Nome pessoal Vieira, M.
245 1# - TÍTULO
Título Atrelamento de animais [bovino, equino, manejo]
246 1# - FORMA VARIANTE DO TÍTULO
Título/título abreviado [Animal leashing [bovine, equine, management]]
246 1# - FORMA VARIANTE DO TÍTULO
Título/título abreviado [Mechanization in maize crop using animal traction]
490 ## - TÍTULO DA SÉRIE
Título da série Circular Tecnica - Centro Nacional de Pesquisa de Milho e Sorgo (Brazil)
Número do volume ou designação sequencial da série no. 9
ISSN - International Standard Serial Number ISSN 0100-8013
500 ## - NOTA GERAL
Nota geral Mecanizacao na cultura do milho utilizando a tracao animal<br/>Sete Lagoas, MG (Brasil): 1983. p. 105-114<br/>(BR8400486-AMS)<br/>
650 ## - ASSUNTO--TERMO TÓPICO
Cabeçalho tópico ou nome geográfico BOVINO
650 ## - ASSUNTO--TERMO TÓPICO
Cabeçalho tópico ou nome geográfico EQUINO
650 ## - ASSUNTO--TERMO TÓPICO
Cabeçalho tópico ou nome geográfico ARREIO
650 ## - ASSUNTO--TERMO TÓPICO
Cabeçalho tópico ou nome geográfico TRACAO ANIMAL
650 ## - ASSUNTO--TERMO TÓPICO
Cabeçalho tópico ou nome geográfico MANEJO
773 0# - ENTRADA ANALÍTICA
Título Mecanizacao na cultura do milho utilizando a tracao animal
Número de controle do registro L00 BR8400486
Partes relacionadas Sete Lagoas, MG (Brasil), 1983. p. 105-114
942 ## - ELEMENTOS DE ENTRADA ADICIONADOS (KOHA)
Tipo de material Koha Analítica de Monografia Seriada
Fonte da classificação ou esquema de arquivamento na estante Classificação AGRIS
909 ## -
-- 202506
-- Lúcia
-- 55
-- Lúcia Elande
Exemplares
Situação do descarte Fonte da classificação ou esquema de arquivamento na estante Situação física Não pode ser emprestado Coleção Biblioteca de origem Biblioteca atual Total de empréstimos Data de último acesso Número do exemplar Tipo de material Koha Situação das perdas Data de aquisição Fonte de aquisição
  Classificação AGRIS       Biblioteca Nacional de Agricultura - Binagri Biblioteca Nacional de Agricultura - Binagri   30/06/2025 01 Analítica de Monografia Seriada   2025-06-30 Portaria Interministerial nº 164/94

BINAGRI

Telefone: (61)3218-2567/2388/3357/2097 - binagri@agro.gov.br

Ministério da Agricultura e Pecuária , Esplanada dos Ministérios, Bloco D, Anexo B, Brasília/DF, CEP: 70.043-900